Les 20 plus gros transferts de Marseille - Arrivés - Statistiques

Statistiques générales
  • Ce quiz a été pris 57 fois
  • Le résultat moyen est 11 sur 20
Statistiques - réponses
Club Saison Valeurs nom % Correct
3 West Ham United 16/17 29.30 M Dimitri Payet
92%
1 Sc Braga 22/23 32 M Vitinha
92%
2 Feyenoord 25/26 30 M Igo Paixao
80%
4 RC Lens 24/25 27 M Elye Wahi
72%
6 AS Roma 18/19 25 M Kévin Strootman
70%
8 Flamengo 21/22 20.50 M Gerson
66%
9 Stade Rennais 24/25 19 M Amine Gouiri
64%
20 Fc Nantes 19/20 13 M Valentin Rongier
64%
17 Boca Juniors 19/20 14 M Dario Benedetto
54%
12 Sheffield United 23/24 17 M Iliman Ndiaye
54%
16 Norwich 25/26 14.50 M Jonathan Rowe
54%
13 Toulouse 10/11 16 M André-Pierre Gignac
52%
19 Watford 23/24 13 M Ismaïla Sarr
48%
7 Atlético Madrid 23/24 20.60 M Renan Lodi
48%
15 Benfica 17/18 15 M Konstantinos Mitroglou
36%
10 Fc Porto 09/10 19 M Lucho Gonzalez
36%
18 Tottenham 25/26 13.50 M Pierre-Emile Hojbjerg
36%
11 RB Salzbourg 18/19 19 M Duje Caleta-Car
34%
14 OGC Nice 10/11 15.50 M Loïc Rémy
16%
5 Manchester United 24/25 26 M Mason Greendwood
2%
Aucun quiz correspondant
Distribution des résultats
% des personnes avec chaque résultat
Percentile par nombre de réponses
Votre historique - résultats
Vous n’avez pas pris ce quiz